| 000 | 00451nam a2200181Ia 4500 | ||
|---|---|---|---|
| 005 | 20240723095138.0 | ||
| 008 | 131103s9999 xx 000 0 und d | ||
| 040 | _aLoreto College | ||
| 041 | _aEnglish | ||
| 082 |
_a821 _bNAI |
||
| 100 | _aNaidu, Sarojini | ||
| 245 | 4 |
_aThe feather of the dawn _cSarojini Naidu |
|
| 260 |
_aLondon _bAsia Publishing House _c1961 |
||
| 300 | _a43p. | ||
| 650 | _aEnglish Poetry | ||
| 850 | _aLCBED | ||
| 942 | _cBK | ||
| 999 |
_c29629 _d80108 |
||